| 000 | 01076nam a22002777a 4500 | ||
|---|---|---|---|
| 001 | 9841 | ||
| 003 | FISKH | ||
| 005 | 20260304111757.0 | ||
| 008 | 260304b cb ||||| |||| 00| 0 eng d | ||
| 020 | _a9781338161649 | ||
| 040 |
_aFISKH _beng _cFISKH _dFISKH |
||
| 050 | _aR856.2 .M37 | ||
| 082 | _a610.28 | ||
| 100 | _aMarquardt , Meg | ||
| 245 |
_aDiscover cutting-edge medicine / _cBy Meg Marquardt |
||
| 260 |
_aNew York : _bScholastic , _c2017 . |
||
| 300 |
_a40 pages : _bcolor illustrations ; _c23 cm . |
||
| 490 | _aWhat's Cool about Science? | ||
| 505 | _aS | ||
| 520 | _aEvery year, doctors and medical researchers make incredible breakthroughs in human medicine. Did you know some are finding ways to build organs in laboratories? Or that others are studying new ways to fight cancer? Learn more about the innovative medical devices and treatments used in this exciting, lifesaving work. | ||
| 521 | 8 |
_a800
_bLexile |
|
| 521 | 8 |
_aS
_bRaz-Plus |
|
| 650 |
_aWhat's Cool About Science? _vNon-fiction |
||
| 942 |
_2ddc _cBK _n0 |
||
| 999 |
_c9841 _d9841 |
||